Využitie paradigmy franchisingu v maloobchodnej činnosti diplomová práca

Salvato in:
Dettagli Bibliografici
Autore principale: Lenhartová, Lea
Ente Autore: Obchodná fakulta EU. Katedra marketingu
Altri autori: Orgonáš, Jozef, 1957-
Natura: Libro
Lingua:slovacco
Pubblicazione: Bratislava 2025
Tags: Aggiungi Tag
Nessun Tag, puoi essere il primo ad aggiungerne!!

MARC

LEADER 00000nbm a2200000 4500
001 0310350
005 20251104120912.1
041 0 |a slo 
044 |a SK 
245 1 0 |a Využitie paradigmy franchisingu v maloobchodnej činnosti  |b diplomová práca  |c Lea Lenhartová ; školiteľ: Jozef Orgonáš 
264 1 |a Bratislava  |c 2025 
300 |a 69 s. 
100 1 |a Lenhartová, Lea 
700 1 |a Orgonáš, Jozef, 1957- 
710 2 |a Obchodná fakulta EU. Katedra marketingu